00000000cam 2200000zi 4500
0019.963131
003CaOODSP
00520260602104056
006m     o  d f      
007cr cn ||||||||
008260527t20262026qucd    ob   f000 0 fre d
020 |a9780662322528
040 |aCaOODSP|bfre|erda|cCaOODSP
043 |an-cn---
0861 |aSC3-219/1-2026F-PDF
24500|aÉvaluation des activités de soutien de la Commission de la fonction publique du Canada.
264 1|aGatineau (Québec) : |bCommission de la fonction publique du Canada = Public Service Commission of Canada, |c[2026]
264 4|c©2026
300 |a1 ressource en ligne (54 pages) : |bgraphiques
336 |atexte|btxt|2rdacontent/fre
337 |ainformatique|bc|2rdamedia/fre
338 |aressource en ligne|bcr|2rdacarrier/fre
500 |aTitre de la couverture.
500 |aPublié aussi en anglais sous le titre : Evaluation of the Public Service Commission of Canada's support activities - phase 1.
504 |aComprend des références bibliographiques.
520 |a« Le présent rapport présente les résultats de l’étape 1 de l’évaluation des activités de soutien de la Commission de la fonction publique du Canada (CFP). Les activités de soutien de la CFP sont assurées par le Secteur des politiques et des communications, le Secteur de la surveillance et des enquêtes et le Secteur des services et du développement des affaires pour les ministères et organismes fédéraux. Au cours de l’étape 1, nous avons utilisé les données de la CFP pour évaluer la complémentarité, les synergies potentielles et la souplesse des activités de soutien de la CFP dans leur capacité d’adaptation aux besoins en pleine évolution en matière de recrutement, de dotation et d’impartialité »--Résumé, page 4.
61026|aCommission de la Fonction publique du Canada|xÉvaluation.
7102 |aCommission de la Fonction publique du Canada, |eorganisme de publication.
77508|tEvaluation of the Public Service Commission of Canada's support activities - phase 1.|w(CaOODSP)9.963130
85640|qPDF|s573 Ko|uhttps://publications.gc.ca/collections/collection_2026/cfp-psc/SC3-219-1-2026-fra.pdf
8564 |qHTML|sS.O.|uhttps://www.canada.ca/fr/commission-fonction-publique/services/publications/evaluation-activites-soutien-cfp-etape-1.html